[Event "Torneo Aficionados Sub-2000 Utiel"]
[Site "Utiel, Spain"]
[Date "2018.08.26"]
[Round "3.2"]
[White "Selva Salvador, Antonio"]
[Black "Carbonell Sancho, Marc"]
[Result "0-1"]
[WhiteElo "1901"]
[BlackElo "1981"]
[PlyCount "85"]
[EventDate "2018.??.??"]

1. d4 {[%clk 00:07:04]  [%emt 00:00:03]} 1... Nf6 {[%clk 00:07:05]} 2. Nf3 {
[%clk 00:07:05]  [%emt 00:00:04]} 2... g6 {[%clk 00:07:07]} 3. g3 {
[%clk 00:07:07]  [%emt 00:00:03]} 3... Bg7 {[%clk 00:07:09]} 4. Bg2 {
[%clk 00:07:09]} 4... O-O {[%clk 00:07:10]  [%emt 00:00:04]} 5. O-O {
[%clk 00:07:10]} 5... d6 {[%clk 00:07:11]  [%emt 00:00:07]} 6. b3 {
[%clk 00:07:11]} 6... Nbd7 {[%clk 00:07:11]  [%emt 00:00:04]} 7. Bb2 {
[%clk 00:07:13]} 7... e5 {[%clk 00:07:01]  [%emt 00:00:06]} 8. dxe5 {
[%clk 00:07:06]  [%emt 00:00:13]} 8... Ng4 {[%clk 00:07:03]} 9. Nbd2 {
[%clk 00:06:49]  [%emt 00:00:20]} 9... Ngxe5 {[%clk 00:07:03]  [%emt 00:00:04]}
10. Rb1 {[%clk 00:06:34]  [%emt 00:00:15]} 10... c6 {
[%clk 00:06:56]  [%emt 00:00:17]} 11. c4 {[%clk 00:06:21]  [%emt 00:00:42]}
11... Nc5 {[%clk 00:06:43]} 12. Qc2 {[%clk 00:05:55]  [%emt 00:00:16]} 12...
Qc7 {[%clk 00:06:40]  [%emt 00:00:04]} 13. Rfd1 {
[%clk 00:05:36]  [%emt 00:00:22]} 13... Bf5 {[%clk 00:06:07]  [%emt 00:00:37]}
14. e4 {[%clk 00:05:28]  [%emt 00:00:10]} 14... Bg4 {
[%clk 00:06:08]  [%emt 00:00:03]} 15. h3 {[%clk 00:05:11]  [%emt 00:00:53]}
15... Bxf3 {[%clk 00:06:09]} 16. Nxf3 {[%clk 00:05:05]} 16... Rad8 {
[%clk 00:06:10]} 17. Rd2 {[%clk 00:04:39]  [%emt 00:00:13]} 17... Rd7 {
[%clk 00:05:47]  [%emt 00:00:20]} 18. Rbd1 {[%clk 00:04:33]  [%emt 00:00:36]}
18... Rfd8 {[%clk 00:05:48]} 19. Nxe5 {[%clk 00:04:10]  [%emt 00:00:03]} 19...
Bxe5 {[%clk 00:05:41]  [%emt 00:00:08]} 20. f4 {
[%clk 00:03:41]  [%emt 00:00:31]} 20... Bxb2 {[%clk 00:05:05]  [%emt 00:00:38]}
21. Qxb2 {[%clk 00:03:43]  [%emt 00:00:31]} 21... Ne6 {
[%clk 00:03:32]  [%emt 00:01:11]} 22. Qf6 {[%clk 00:03:35]  [%emt 00:00:12]}
22... c5 {[%clk 00:02:57]  [%emt 00:00:33]} 23. f5 {
[%clk 00:02:52]  [%emt 00:01:04]} 23... Nd4 {[%clk 00:02:57]  [%emt 00:00:05]}
24. h4 {[%clk 00:02:42]} 24... Re8 {[%clk 00:02:47]  [%emt 00:00:14]} 25. h5 {
[%clk 00:02:36]  [%emt 00:00:04]} 25... Qd8 {[%clk 00:02:50]} 26. Qxd8 {
[%clk 00:02:15]  [%emt 00:00:22]} 26... Rdxd8 {[%clk 00:02:52]  [%emt 00:00:15]
} 27. hxg6 {[%clk 00:02:14]} 27... hxg6 {[%clk 00:02:53]} 28. fxg6 {
[%clk 00:02:12]  [%emt 00:00:12]} 28... fxg6 {[%clk 00:02:55]} 29. Rf2 {
[%clk 00:02:09]} 29... b6 {[%clk 00:02:45]  [%emt 00:00:09]} 30. Rdf1 {
[%clk 00:02:08]  [%emt 00:00:03]} 30... Rf8 {[%clk 00:02:47]} 31. Bh3 {
[%clk 00:01:34]  [%emt 00:00:34]} 31... Rde8 {[%clk 00:02:49]  [%emt 00:00:04]}
32. Rxf8+ {[%clk 00:01:35]  [%emt 00:00:08]} 32... Rxf8 {[%clk 00:02:51]} 33.
Rxf8+ {[%clk 00:01:36]} 33... Kxf8 {[%clk 00:02:53]  [%emt 00:00:03]} 34. Kf2 {
[%clk 00:01:37]} 34... Ke7 {[%clk 00:02:49]  [%emt 00:00:05]} 35. Ke3 {
[%clk 00:01:37]  [%emt 00:00:11]} 35... Kf6 {[%clk 00:02:47]  [%emt 00:00:03]}
36. Bd7 {[%clk 00:01:31]  [%emt 00:00:21]} 36... Ke5 {[%clk 00:02:48]} 37. g4 {
[%clk 00:01:26]  [%emt 00:00:07]} 37... g5 {[%clk 00:01:55]  [%emt 00:00:40]}
38. Bf5 {[%clk 00:01:19]  [%emt 00:00:07]} 38... Nc2+ {
[%clk 00:01:41]  [%emt 00:00:17]} 39. Kd2 {[%clk 00:01:16]  [%emt 00:00:39]}
39... Nb4 {[%clk 00:01:43]} 40. a3 {[%clk 00:01:15]} 40... Nc6 {[%clk 00:01:44]
} 41. Kc3 {[%clk 00:01:12]  [%emt 00:00:03]} 41... Kf4 {[%clk 00:01:42]} 42. b4
{[%clk 00:01:08]} 42... Ne5 {[%clk 00:01:38]  [%emt 00:00:04]} 43. bxc5 {
[%clk 00:00:55]  [%emt 00:00:08]} 0-1

[Event "Torneo Aficionados Sub-2000 Utiel"]
[Site "Utiel, Spain"]
[Date "2018.08.26"]
[Round "3.3"]
[White "Gimenez Sanchis, Fco. Andres"]
[Black "Guardiola Guillot, Lucas"]
[Result "1-0"]
[WhiteElo "1971"]
[BlackElo "1864"]
[PlyCount "49"]
[EventDate "2018.??.??"]

1. e4 {[%clk 00:07:04]} 1... d6 {[%clk 00:06:59]  [%emt 00:00:05]} 2. d4 {
[%clk 00:07:05]} 2... Nf6 {[%clk 00:06:59]  [%emt 00:00:06]} 3. Nc3 {
[%clk 00:07:05]  [%emt 00:00:05]} 3... g6 {[%clk 00:06:56]} 4. Bc4 {
[%clk 00:07:05]  [%emt 00:00:10]} 4... Bg7 {[%clk 00:06:54]} 5. Nge2 {
[%clk 00:07:02]  [%emt 00:00:09]} 5... O-O {[%clk 00:06:46]  [%emt 00:00:10]}
6. O-O {[%clk 00:06:59]  [%emt 00:00:06]} 6... e5 {
[%clk 00:06:45]  [%emt 00:00:06]} 7. dxe5 {[%clk 00:06:45]  [%emt 00:00:14]}
7... dxe5 {[%clk 00:06:45]  [%emt 00:00:06]} 8. Bg5 {
[%clk 00:06:38]  [%emt 00:00:08]} 8... h6 {[%clk 00:04:25]  [%emt 00:02:23]} 9.
Qxd8 {[%clk 00:06:38]  [%emt 00:00:06]} 9... Rxd8 {[%clk 00:04:25]} 10. Bxf6 {
[%clk 00:06:39]  [%emt 00:00:05]} 10... Bxf6 {[%clk 00:04:25]} 11. Nd5 {
[%clk 00:06:40]  [%emt 00:00:04]} 11... Rxd5 {[%clk 00:04:06]  [%emt 00:00:19]}
12. Bxd5 {[%clk 00:06:41]  [%emt 00:00:06]} 12... c6 {
[%clk 00:04:03]  [%emt 00:00:06]} 13. Bb3 {[%clk 00:06:43]} 13... Nd7 {
[%clk 00:03:55]  [%emt 00:00:11]} 14. Rad1 {[%clk 00:06:40]  [%emt 00:00:06]}
14... Nc5 {[%clk 00:03:51]  [%emt 00:00:06]} 15. f3 {
[%clk 00:06:21]  [%emt 00:00:20]} 15... Nxb3 {[%clk 00:03:46]  [%emt 00:00:09]}
16. axb3 {[%clk 00:06:19]  [%emt 00:00:04]} 16... Be6 {[%clk 00:03:48]} 17. c4
{[%clk 00:06:08]  [%emt 00:00:16]} 17... Be7 {[%clk 00:03:44]  [%emt 00:00:06]}
18. Rd3 {[%clk 00:04:54]  [%emt 00:01:18]} 18... b5 {
[%clk 00:03:35]  [%emt 00:00:12]} 19. Rc1 {[%clk 00:04:37]  [%emt 00:00:20]}
19... Rb8 {[%clk 00:03:05]  [%emt 00:00:36]} 20. Rc2 {
[%clk 00:03:07]  [%emt 00:01:34]} 20... f5 {[%clk 00:02:21]  [%emt 00:00:43]}
21. cxb5 {[%clk 00:02:55]  [%emt 00:00:14]} 21... fxe4 {
[%clk 00:01:10]  [%emt 00:01:14]} 22. fxe4 {[%clk 00:02:55]  [%emt 00:00:05]}
22... cxb5 {[%clk 00:01:09]  [%emt 00:00:06]} 23. Rc6 {
[%clk 00:02:16]  [%emt 00:00:38]} 23... Kf7 {[%clk 00:01:04]  [%emt 00:00:08]}
24. Rf3+ {[%clk 00:02:15]  [%emt 00:00:07]} 24... Bf6 {
[%clk 00:00:47]  [%emt 00:00:18]} 25. Rc7+ {[%clk 00:02:16]} 1-0

[Event "Torneo Aficionados Sub-2000 Utiel"]
[Site "Utiel, Spain"]
[Date "2018.08.26"]
[Round "3.4"]
[White "Martinez Escandell, Alfonso"]
[Black "Perez Garcia, Juan Angel"]
[Result "0-1"]
[WhiteElo "1895"]
[BlackElo "1954"]
[PlyCount "65"]
[EventDate "2018.??.??"]

1. e4 {[%clk 00:07:04]  [%emt 00:00:11]} 1... g6 {[%clk 00:07:05]} 2. d4 {
[%clk 00:07:04]} 2... Bg7 {[%clk 00:07:07]} 3. Nf3 {[%clk 00:07:00]} 3... c5 {
[%clk 00:07:08]} 4. c3 {[%clk 00:07:01]  [%emt 00:00:03]} 4... cxd4 {
[%clk 00:07:08]} 5. cxd4 {[%clk 00:07:03]} 5... d5 {[%clk 00:07:10]} 6. e5 {
[%clk 00:07:04]} 6... Bg4 {[%clk 00:07:10]  [%emt 00:00:04]} 7. Be2 {
[%clk 00:07:06]} 7... Nc6 {[%clk 00:07:10]  [%emt 00:00:14]} 8. O-O {
[%clk 00:07:05]  [%emt 00:00:04]} 8... Nh6 {[%clk 00:07:10]} 9. h3 {
[%clk 00:07:05]} 9... Bxf3 {[%clk 00:07:10]} 10. Bxf3 {[%clk 00:07:06]} 10...
Nf5 {[%clk 00:07:06]  [%emt 00:00:06]} 11. Be3 {
[%clk 00:06:51]  [%emt 00:00:16]} 11... e6 {[%clk 00:07:00]  [%emt 00:00:07]}
12. Nc3 {[%clk 00:06:49]  [%emt 00:00:16]} 12... O-O {[%clk 00:07:01]} 13. a3 {
[%clk 00:06:50]} 13... Qb6 {[%clk 00:06:58]  [%emt 00:00:25]} 14. Ne2 {
[%clk 00:06:05]  [%emt 00:00:40]} 14... Nxe3 {[%clk 00:06:31]  [%emt 00:00:11]}
15. fxe3 {[%clk 00:06:06]  [%emt 00:00:23]} 15... f6 {[%clk 00:06:33]} 16. exf6
{[%clk 00:05:57]  [%emt 00:00:11]} 16... Bxf6 {[%clk 00:06:29]} 17. b4 {
[%clk 00:05:56]  [%emt 00:00:03]} 17... Rad8 {[%clk 00:06:13]  [%emt 00:00:12]}
18. Nc3 {[%clk 00:05:57]  [%emt 00:00:03]} 18... Nxd4 {
[%clk 00:05:40]  [%emt 00:00:33]} 19. Na4 {[%clk 00:05:23]  [%emt 00:01:00]}
19... Nxf3+ {[%clk 00:05:36]  [%emt 00:00:09]} 20. Rxf3 {[%clk 00:05:24]} 20...
Qb5 {[%clk 00:04:59]  [%emt 00:00:19]} 21. Rc1 {
[%clk 00:05:04]  [%emt 00:00:24]} 21... Bg5 {[%clk 00:04:44]  [%emt 00:00:13]}
22. Nc5 {[%clk 00:04:25]  [%emt 00:00:42]} 22... Rxf3 {
[%clk 00:04:09]  [%emt 00:00:38]} 23. Qxf3 {[%clk 00:04:27]  [%emt 00:00:38]}
23... Rf8 {[%clk 00:04:08]} 24. Qg3 {[%clk 00:04:28]} 24... Bh6 {
[%clk 00:03:15]  [%emt 00:00:27]} 25. Nxe6 {[%clk 00:04:29]  [%emt 00:00:20]}
25... Qb6 {[%clk 00:02:49]  [%emt 00:00:21]} 26. Nd4 {
[%clk 00:03:54]  [%emt 00:00:28]} 26... Qf6 {[%emt 00:00:53]} 27. Rc7 {
[%clk 00:03:19]  [%emt 00:00:27]} 27... Re8 {[%clk 00:02:19]  [%emt 00:00:04]}
28. Nc2 {[%clk 00:02:55]  [%emt 00:00:19]} 28... Qf5 {
[%clk 00:02:02]  [%emt 00:00:37]} 29. Qd6 {[%clk 00:02:11]  [%emt 00:00:27]}
29... b6 {[%clk 00:01:25]  [%emt 00:00:40]} 30. Qc6 {
[%clk 00:01:36]  [%emt 00:00:39]} 30... Rf8 {[%clk 00:01:12]  [%emt 00:00:15]}
31. Rxa7 {[%clk 00:01:08]  [%emt 00:00:31]} 31... Bg7 {
[%clk 00:01:07]  [%emt 00:00:41]} 32. Qb5 {[%clk 00:00:24]  [%emt 00:00:14]}
32... Qf2+ {[%clk 00:01:04]  [%emt 00:00:29]} 33. Kh1 {
[%clk 00:00:24]  [%emt 00:00:03]} 0-1

[Event "Torneo Aficionados Sub-2000 Utiel"]
[Site "Utiel, Spain"]
[Date "2018.08.26"]
[Round "3.5"]
[White "Perez Perez, Eugenio"]
[Black "Corrales Ucles, Eduardo"]
[Result "0-1"]
[WhiteElo "1844"]
[BlackElo "1936"]
[PlyCount "94"]
[EventDate "2018.??.??"]

1. b3 {[%clk 00:07:03]  [%emt 00:00:12]} 1... Nf6 {[%clk 00:07:04]} 2. Bb2 {
[%clk 00:07:05]} 2... g6 {[%clk 00:07:06]} 3. Nf3 {[%clk 00:07:03]} 3... Bg7 {
[%clk 00:07:07]  [%emt 00:00:30]} 4. c4 {[%clk 00:07:03]} 4... O-O {
[%clk 00:07:08]  [%emt 00:00:11]} 5. e3 {[%clk 00:07:05]} 5... d6 {
[%clk 00:07:09]} 6. d4 {[%clk 00:07:07]} 6... Nbd7 {[%clk 00:07:02]} 7. Be2 {
[%clk 00:07:06]} 7... Re8 {[%clk 00:06:56]} 8. O-O {
[%clk 00:07:07]  [%emt 00:00:04]} 8... c6 {[%clk 00:06:13]  [%emt 00:00:38]} 9.
Nc3 {[%clk 00:07:05]  [%emt 00:00:18]} 9... e5 {
[%clk 00:06:04]  [%emt 00:00:06]} 10. Qc2 {[%clk 00:06:56]  [%emt 00:00:07]}
10... exd4 {[%clk 00:05:53]  [%emt 00:00:13]} 11. exd4 {
[%clk 00:06:56]  [%emt 00:00:07]} 11... d5 {[%clk 00:05:49]  [%emt 00:00:04]}
12. Rfe1 {[%clk 00:06:36]  [%emt 00:00:21]} 12... Nb6 {
[%clk 00:05:49]  [%emt 00:00:38]} 13. Rad1 {[%clk 00:06:12]  [%emt 00:00:04]}
13... Bf5 {[%clk 00:05:43]  [%emt 00:00:08]} 14. Bd3 {
[%clk 00:05:56]  [%emt 00:00:16]} 14... Bxd3 {[%clk 00:05:21]  [%emt 00:00:46]}
15. Qxd3 {[%clk 00:05:52]} 15... Qc7 {[%clk 00:05:00]  [%emt 00:00:05]} 16. c5
{[%clk 00:05:41]  [%emt 00:00:14]} 16... Nbd7 {[%clk 00:05:00]  [%emt 00:00:03]
} 17. b4 {[%clk 00:05:42]  [%emt 00:00:04]} 17... Nf8 {
[%clk 00:04:06]  [%emt 00:00:53]} 18. a4 {[%clk 00:05:42]  [%emt 00:00:31]}
18... Rxe1+ {[%clk 00:04:06]} 19. Rxe1 {[%clk 00:05:43]  [%emt 00:00:03]} 19...
Ne6 {[%clk 00:04:08]} 20. g3 {[%clk 00:05:36]} 20... Nd7 {
[%clk 00:03:58]  [%emt 00:00:03]} 21. Kg2 {[%clk 00:05:24]  [%emt 00:00:13]}
21... b6 {[%clk 00:03:58]  [%emt 00:00:07]} 22. Nd1 {
[%clk 00:04:55]  [%emt 00:00:24]} 22... Rb8 {[%clk 00:03:54]  [%emt 00:00:20]}
23. Bc3 {[%clk 00:04:50]  [%emt 00:00:13]} 23... bxc5 {[%clk 00:03:48]} 24.
bxc5 {[%clk 00:04:52]} 24... Rb3 {[%clk 00:03:49]} 25. Qc2 {
[%clk 00:04:48]  [%emt 00:00:10]} 25... Qb7 {[%clk 00:03:50]} 26. Ne3 {
[%clk 00:04:29]  [%emt 00:00:15]} 26... Ndxc5 {[%clk 00:03:48]  [%emt 00:00:10]
} 27. dxc5 {[%clk 00:03:51]  [%emt 00:00:36]} 27... Rxc3 {
[%clk 00:03:49]  [%emt 00:00:16]} 28. Qd2 {[%clk 00:03:34]  [%emt 00:00:08]}
28... Rxc5 {[%clk 00:03:46]  [%emt 00:00:07]} 29. Ng4 {
[%clk 00:03:26]  [%emt 00:00:11]} 29... Bc3 {[%clk 00:03:42]  [%emt 00:00:06]}
30. Qe3 {[%clk 00:02:56]  [%emt 00:00:31]} 30... h5 {
[%clk 00:02:58]  [%emt 00:00:47]} 31. Nh6+ {[%clk 00:02:49]  [%emt 00:00:29]}
31... Kg7 {[%clk 00:02:38]  [%emt 00:00:07]} 32. Ng5 {
[%clk 00:02:17]  [%emt 00:00:32]} 32... Nxg5 {[%clk 00:02:21]  [%emt 00:00:20]}
33. Qxc5 {[%clk 00:02:18]  [%emt 00:00:04]} 33... Bxe1 {
[%clk 00:02:22]  [%emt 00:00:03]} 34. Qd4+ {[%clk 00:02:03]  [%emt 00:00:15]}
34... Kxh6 {[%clk 00:02:10]  [%emt 00:00:42]} 35. h4 {[%clk 00:02:05]} 35...
Nh7 {[%clk 00:01:51]  [%emt 00:00:06]} 36. Qe3+ {[%clk 00:02:06]} 36... Kg7 {
[%clk 00:01:53]} 37. Qxe1 {[%clk 00:02:07]} 37... Qb2 {
[%clk 00:01:48]  [%emt 00:00:04]} 38. Qe8 {[%clk 00:02:00]  [%emt 00:00:10]}
38... Qc3 {[%clk 00:01:40]  [%emt 00:00:11]} 39. Qe7 {
[%clk 00:01:54]  [%emt 00:00:10]} 39... a5 {[%clk 00:01:41]  [%emt 00:00:03]}
40. Qd6 {[%clk 00:01:44]  [%emt 00:00:13]} 40... d4 {
[%clk 00:01:38]  [%emt 00:00:11]} 41. Qe5+ {[%clk 00:01:44]  [%emt 00:00:11]}
41... Nf6 {[%clk 00:01:39]} 42. f3 {[%clk 00:01:40]  [%emt 00:00:03]} 42...
Qd2+ {[%clk 00:01:37]} 43. Kh3 {[%clk 00:01:39]  [%emt 00:00:04]} 43... Qe3 {
[%clk 00:01:38]  [%emt 00:00:03]} 44. Qxa5 {[%clk 00:01:36]  [%emt 00:00:07]}
44... d3 {[%clk 00:01:38]} 45. Qc3 {[%clk 00:01:32]  [%emt 00:00:07]} 45... c5
{[%clk 00:01:33]  [%emt 00:00:07]} 46. a5 {[%clk 00:01:34]  [%emt 00:00:04]}
46... Qe2 {[%clk 00:01:24]  [%emt 00:00:07]} 47. Qxc5 {
[%clk 00:01:33]  [%emt 00:00:31]} 47... d2 {[%emt 00:00:03]} 0-1

[Event "Torneo Aficionados Sub-2000 Utiel"]
[Site "Utiel, Spain"]
[Date "2018.08.26"]
[Round "3.6"]
[White "Minguez Piquer, Joaquim"]
[Black "Atienza Alvarez, Javier"]
[Result "1-0"]
[WhiteElo "1786"]
[BlackElo "1925"]
[PlyCount "62"]
[EventDate "2018.??.??"]

1. e4 {[%clk 00:07:04]  [%emt 00:00:04]} 1... e6 {[%clk 00:07:06]} 2. d4 {
[%clk 00:07:05]  [%emt 00:00:03]} 2... d5 {[%clk 00:07:08]} 3. exd5 {
[%clk 00:07:07]} 3... exd5 {[%clk 00:07:10]} 4. Bd3 {
[%clk 00:07:09]  [%emt 00:00:09]} 4... Nc6 {[%clk 00:06:59]  [%emt 00:00:06]}
5. Nf3 {[%clk 00:07:09]  [%emt 00:00:04]} 5... Bd6 {
[%clk 00:07:01]  [%emt 00:00:07]} 6. O-O {[%clk 00:07:09]} 6... Nge7 {
[%clk 00:07:02]} 7. c3 {[%clk 00:06:54]  [%emt 00:00:14]} 7... Bg4 {
[%clk 00:07:02]  [%emt 00:00:08]} 8. Re1 {[%clk 00:06:38]  [%emt 00:00:17]}
8... Qd7 {[%clk 00:06:47]  [%emt 00:00:15]} 9. Be3 {
[%clk 00:06:33]  [%emt 00:00:09]} 9... O-O-O {[%clk 00:06:38]  [%emt 00:00:23]}
10. Nbd2 {[%clk 00:06:34]} 10... Nf5 {[%clk 00:06:33]} 11. Qa4 {
[%clk 00:06:11]  [%emt 00:00:26]} 11... Kb8 {[%clk 00:05:48]  [%emt 00:00:46]}
12. b4 {[%clk 00:06:12]  [%emt 00:00:23]} 12... Nce7 {[%clk 00:05:39]} 13. Bb5
{[%clk 00:05:38]  [%emt 00:00:28]} 13... c6 {[%clk 00:05:39]  [%emt 00:00:24]}
14. Bd3 {[%clk 00:05:36]} 14... Nxe3 {[%clk 00:05:13]  [%emt 00:00:14]} 15.
fxe3 {[%clk 00:05:35]  [%emt 00:00:08]} 15... Ng6 {
[%clk 00:04:20]  [%emt 00:00:50]} 16. h3 {[%clk 00:04:08]  [%emt 00:01:34]}
16... Bxf3 {[%clk 00:03:43]  [%emt 00:00:37]} 17. Nxf3 {
[%clk 00:04:09]  [%emt 00:00:10]} 17... Rhe8 {[%clk 00:03:42]  [%emt 00:00:03]}
18. Qc2 {[%clk 00:03:40]  [%emt 00:00:24]} 18... Bg3 {
[%clk 00:03:33]  [%emt 00:00:36]} 19. Re2 {[%clk 00:03:23]  [%emt 00:00:07]}
19... Qe7 {[%clk 00:03:27]  [%emt 00:00:03]} 20. Rf1 {
[%clk 00:02:43]  [%emt 00:00:41]} 20... Rd6 {[%clk 00:02:59]  [%emt 00:00:28]}
21. b5 {[%clk 00:02:31]  [%emt 00:00:15]} 21... Re6 {
[%clk 00:02:10]  [%emt 00:00:52]} 22. bxc6 {[%emt 00:00:27]} 22... bxc6 {
[%clk 00:01:54]  [%emt 00:00:28]} 23. Rb1+ {[%clk 00:01:57]  [%emt 00:00:05]}
23... Ka8 {[%clk 00:01:56]  [%emt 00:00:06]} 24. Qa4 {
[%clk 00:01:44]  [%emt 00:00:13]} 24... Qc7 {[%clk 00:01:27]  [%emt 00:00:45]}
25. Ba6 {[%clk 00:01:05]  [%emt 00:00:26]} 25... Rb8 {
[%clk 00:01:27]  [%emt 00:00:10]} 26. Rxb8+ {[%clk 00:00:34]  [%emt 00:00:27]}
26... Qxb8 {[%clk 00:01:28]  [%emt 00:00:10]} 27. Qb3 {
[%clk 00:00:21]  [%emt 00:00:10]} 27... Qxb3 {[%clk 00:00:40]  [%emt 00:00:56]}
28. axb3 {[%clk 00:00:23]} 28... Kb8 {[%clk 00:00:37]  [%emt 00:00:08]} 29. Ng5
{[%clk 00:00:12]  [%emt 00:00:09]} 29... Re7 {[%clk 00:07:03]} 30. e4 {
[%clk 00:00:12]} 30... f6 {[%clk 00:07:03]} 31. Nxh7 {[%clk 00:00:12]} 31...
dxe4 {[%clk 00:07:03]} 1-0

[Event "Torneo Aficionados Sub-2000 Utiel"]
[Site "Utiel, Spain"]
[Date "2018.08.26"]
[Round "4.1"]
[White "Carbonell Sancho, Marc"]
[Black "Galindo Montoya, Diego"]
[Result "1-0"]
[WhiteElo "1981"]
[BlackElo "1912"]
[PlyCount "93"]
[EventDate "2018.??.??"]

1. e4 {[%clk 00:07:04]  [%emt 00:00:10]} 1... e5 {[%clk 00:07:05]} 2. Nf3 {
[%clk 00:07:05]} 2... Nc6 {[%clk 00:07:06]  [%emt 00:00:04]} 3. d4 {
[%clk 00:07:07]} 3... exd4 {[%clk 00:07:05]  [%emt 00:00:03]} 4. Nxd4 {
[%clk 00:07:07]} 4... Nf6 {[%clk 00:07:06]  [%emt 00:00:03]} 5. Nxc6 {
[%clk 00:07:08]  [%emt 00:00:04]} 5... bxc6 {[%clk 00:07:06]} 6. e5 {
[%clk 00:07:10]  [%emt 00:00:06]} 6... Qe7 {[%clk 00:07:08]} 7. Qe2 {
[%clk 00:07:11]} 7... Nd5 {[%clk 00:07:07]  [%emt 00:00:11]} 8. c4 {
[%clk 00:07:13]} 8... Nb6 {[%clk 00:07:09]} 9. Nd2 {[%clk 00:07:13]} 9... Qe6 {
[%clk 00:07:03]  [%emt 00:00:07]} 10. b3 {[%clk 00:06:40]  [%emt 00:00:35]}
10... a5 {[%clk 00:07:02]  [%emt 00:00:24]} 11. Bb2 {[%clk 00:06:38]} 11... a4
{[%clk 00:07:02]} 12. g3 {[%clk 00:06:34]} 12... axb3 {[%clk 00:07:01]} 13.
axb3 {[%clk 00:06:36]  [%emt 00:00:03]} 13... Rxa1+ {[%clk 00:07:02]} 14. Bxa1
{[%clk 00:06:37]} 14... d5 {[%clk 00:05:11]  [%emt 00:01:52]} 15. exd6 {
[%clk 00:06:27]  [%emt 00:00:36]} 15... cxd6 {[%clk 00:04:46]  [%emt 00:00:10]}
16. Bg2 {[%clk 00:06:27]  [%emt 00:00:11]} 16... Qxe2+ {
[%clk 00:04:36]  [%emt 00:00:10]} 17. Kxe2 {[%clk 00:06:28]} 17... d5 {
[%clk 00:04:16]  [%emt 00:00:20]} 18. cxd5 {[%clk 00:06:23]  [%emt 00:00:06]}
18... Nxd5 {[%clk 00:04:13]  [%emt 00:00:06]} 19. Bxd5 {
[%clk 00:04:39]  [%emt 00:01:53]} 19... cxd5 {[%clk 00:04:14]} 20. Bd4 {
[%clk 00:04:41]} 20... f6 {[%clk 00:03:42]  [%emt 00:00:31]} 21. Rc1 {
[%clk 00:04:36]  [%emt 00:00:08]} 21... Bd7 {[%clk 00:03:39]  [%emt 00:00:07]}
22. Ra1 {[%clk 00:04:28]  [%emt 00:00:10]} 22... Be7 {
[%clk 00:03:12]  [%emt 00:00:28]} 23. Ra8+ {[%clk 00:04:27]  [%emt 00:00:41]}
23... Bd8 {[%clk 00:03:12]} 24. Bb6 {[%clk 00:04:23]} 24... Ke7 {
[%clk 00:03:09]  [%emt 00:00:04]} 25. Bxd8+ {[%clk 00:04:23]} 25... Rxd8 {
[%clk 00:03:07]} 26. Rxd8 {[%clk 00:04:24]} 26... Kxd8 {[%clk 00:03:09]} 27.
Ke3 {[%clk 00:04:26]} 27... Kc7 {[%clk 00:03:08]} 28. Kd4 {
[%clk 00:04:27]  [%emt 00:00:04]} 28... Kd6 {[%clk 00:02:52]  [%emt 00:00:39]}
29. Nf1 {[%clk 00:04:15]  [%emt 00:00:04]} 29... Be6 {
[%clk 00:01:54]  [%emt 00:00:41]} 30. Ne3 {[%clk 00:04:15]  [%emt 00:00:27]}
30... Kc6 {[%clk 00:01:38]  [%emt 00:00:08]} 31. g4 {
[%clk 00:03:59]  [%emt 00:00:30]} 31... g6 {[%clk 00:01:26]  [%emt 00:00:04]}
32. f4 {[%clk 00:03:54]  [%emt 00:00:09]} 32... h5 {
[%clk 00:01:17]  [%emt 00:00:08]} 33. g5 {[%clk 00:03:37]  [%emt 00:00:11]}
33... fxg5 {[%clk 00:01:11]  [%emt 00:00:08]} 34. fxg5 {
[%clk 00:03:38]  [%emt 00:00:10]} 34... Kd6 {[%clk 00:00:48]  [%emt 00:00:21]}
35. Ng2 {[%clk 00:03:38]  [%emt 00:00:11]} 35... Kc6 {
[%clk 00:00:43]  [%emt 00:00:30]} 36. Nf4 {[%clk 00:03:39]} 36... Bf7 {
[%clk 00:00:46]} 37. h4 {[%clk 00:03:37]} 37... Kd6 {
[%clk 00:00:46]  [%emt 00:00:03]} 38. b4 {[%clk 00:03:38]} 38... Kc6 {
[%clk 00:00:48]} 39. Ke5 {[%clk 00:03:40]} 39... Kb5 {[%clk 00:00:46]} 40. Nxd5
{[%clk 00:03:40]} 40... Kc4 {[%clk 00:00:28]  [%emt 00:00:06]} 41. Ne7 {
[%clk 00:03:37]  [%emt 00:00:21]} 41... Kxb4 {[%clk 00:00:28]} 42. Kf6 {
[%clk 00:03:39]} 42... Be8 {[%clk 00:00:27]  [%emt 00:00:06]} 43. Nxg6 {
[%clk 00:03:39]} 43... Kc5 {[%clk 00:00:28]} 44. Nf4 {[%clk 00:03:40]} 44...
Kd4 {[%clk 00:00:25]} 45. g6 {[%clk 00:03:41]  [%emt 00:00:15]} 45... Ba4 {
[%clk 00:00:26]} 46. g7 {[%clk 00:03:41]} 46... Bb3 {
[%clk 00:00:26]  [%emt 00:00:07]} 47. Ne6+ {[%clk 00:03:43]} 1-0